|
|
|
|
| LEADER |
00000cam a22000002c 4500 |
| 001 |
1866326066 |
| 003 |
DE-627 |
| 005 |
20250115054912.0 |
| 007 |
cr uuu---uuuuu |
| 008 |
231019s2016 xx |||||o 00| ||eng c |
| 035 |
|
|
|a (DE-627)1866326066
|
| 035 |
|
|
|a (DE-599)KXP1866326066
|
| 040 |
|
|
|a DE-627
|b ger
|c DE-627
|e rda
|
| 041 |
|
|
|a eng
|
| 084 |
|
|
|a 2,1
|2 ssgn
|
| 100 |
1 |
|
|a Adegoke, Adetoso
|e VerfasserIn
|4 aut
|
| 245 |
1 |
0 |
|a Impact of Forensic Accounting and Traditional Auditing on Failure of Selected Commercial Banks in Nigeria
|
| 264 |
|
1 |
|c 2016
|
| 336 |
|
|
|a Text
|b txt
|2 rdacontent
|
| 337 |
|
|
|a Computermedien
|b c
|2 rdamedia
|
| 338 |
|
|
|a Online-Ressource
|b cr
|2 rdacarrier
|
| 520 |
|
|
|a This study focuses on the impact of Forensic accounting and Traditional Audit on Failure of Selected Commercial Banks in Nigeria. The study is based on primary data obtained from ten(10) commercial banks considered in this study. Furthermore, the study used the purposive sampling technique, in selecting the quoted Nigeria banks considered in this study and information about these companies were obtained by distributing 100 questionnaires. This questionnaires were then analysed using regression analysis in SPSS (statistical package for social sciences) and the result of the analysis shows that forensic accounting have significant influence on creative accounting in the selected banks, because the P-value obtained was lesser than the 5% specified in SPSS. Therefore, based on this result the study recommends that commercial banks should ensure that significant number of their employees are regularly trained on forensic accounting so as to be able to curb the menace associated with creative accounting. Keywords: Forensic accounting, Traditional Auditing, Fraud, Financial Statemen
|
| 700 |
1 |
|
|a Philip, Akinselure
|e VerfasserIn
|4 aut
|
| 856 |
4 |
0 |
|u https://core.ac.uk/download/234627360.pdf
|x Verlag
|z kostenfrei
|3 Volltext
|7 0
|
| 935 |
|
|
|a mkri
|
| 951 |
|
|
|a BO
|
| ELC |
|
|
|a 1
|
| LOK |
|
|
|0 000 xxxxxcx a22 zn 4500
|
| LOK |
|
|
|0 001 4392971791
|
| LOK |
|
|
|0 003 DE-627
|
| LOK |
|
|
|0 004 1866326066
|
| LOK |
|
|
|0 005 20231019043658
|
| LOK |
|
|
|0 008 231019||||||||||||||||ger|||||||
|
| LOK |
|
|
|0 035
|a (DE-2619)CORE70300313
|
| LOK |
|
|
|0 040
|a DE-2619
|c DE-627
|d DE-2619
|
| LOK |
|
|
|0 092
|o n
|
| LOK |
|
|
|0 852
|a DE-2619
|
| LOK |
|
|
|0 852 1
|9 00
|
| LOK |
|
|
|0 935
|a core
|
| LOK |
|
|
|0 939
|a 19-10-23
|b l01
|
| OAS |
|
|
|a 1
|
| ORI |
|
|
|a SA-MARC-krimdoka001.raw
|